| 000 | 00586nam a22002057a 4500 | ||
|---|---|---|---|
| 003 | SEM | ||
| 005 | 20220824154908.0 | ||
| 008 | 220824s2020 ai ||||gr|||||001 0 arm|d | ||
| 020 | _a9789939765273 | ||
| 040 |
_aSEM _cSEM |
||
| 041 | _aarm | ||
| 080 | _a891.981-1/Ս-12 | ||
| 100 | _aՍաիդա-Շողակաթ | ||
| 245 |
_aՆերշնչանքի հնձան / _cՍաիդա-Շողակաթ |
||
| 260 |
_aԵրևան : _bԱնտարես, _c2020. |
||
| 300 |
_a290+[9] էջ ; _c20 սմ |
||
| 650 |
_aՀայ գրականություն _xպոեզիա |
||
| 653 | _aՍԷՄ | ||
| 942 |
_2udc _cBK _n0 |
||
| 999 |
_c72719 _d72719 |
||